000 00326 a2200157 4500
001 57371
020 _a8508041748
040 _cAnchieta - Pituba
100 _aSabino, Fernando
240 1 0 _aO bom ladrão
_lpor
245 1 0 _aO bom ladrão
300 _a62
362 0 _a1997
650 4 _aLiteratura juvenil
942 _cBK
999 _c57371
_d57371